বাংলাদেশের স্বাধীনতা সংগ্রামের সাংস্কৃতিক পটভূমি / (Record no. 70989)
[ view plain ]
| 000 -LEADER | |
|---|---|
| fixed length control field | 00948nam a2200229 a 4500 |
| 001 - CONTROL NUMBER | |
| control field | 70989 |
| 003 - CONTROL NUMBER IDENTIFIER | |
| rucl marc code | BD-RjUL |
| 005 - DATE AND TIME OF LATEST TRANSACTION | |
| control field | 20211209082051.0 |
| 008 - FIXED-LENGTH DATA ELEMENTS--GENERAL INFORMATION | |
| fixed length control field | 170423s1971 ii |||| |||| 000 0 ben d |
| 020 ## - INTERNATIONAL STANDARD BOOK NUMBER | |
| Terms of availability | : Tk. 6.00 |
| 035 ## - SYSTEM CONTROL NUMBER | |
| System control number | (BD-RjUL)71203 |
| 040 ## - CATALOGING SOURCE | |
| Original cataloging agency | BD-RjUL |
| Language of cataloging | ben |
| Transcribing agency | BD-RjUL |
| Modifying agency | BD-RjUL |
| 041 ## - LANGUAGE CODE | |
| Language code of text/sound track or separate title | ben |
| 082 ## - DEWEY DECIMAL CLASSIFICATION NUMBER | |
| Edition number | 23 |
| Classification number | 954.9205 |
| Author mark and year | MUB 1971 |
| 100 1# - MAIN ENTRY--PERSONAL NAME | |
| Personal name | মুরশিদ, হাসান |
| 9 (RLIN) | 210053 |
| 245 10 - TITLE STATEMENT | |
| Title | বাংলাদেশের স্বাধীনতা সংগ্রামের সাংস্কৃতিক পটভূমি / |
| Statement of responsibility, etc. | হাসান মুরশিদ |
| 260 ## - PUBLICATION, DISTRIBUTION, ETC. (IMPRINT) | |
| Place of publication, distribution, etc. | কলিকাতা : |
| Name of publisher, distributor, etc. | ইন্ডিয়ান আসোসিয়েসনস কোং, |
| Date of publication, distribution, etc. | ১৯৭১ [১৩৭৮] |
| 300 ## - PHYSICAL DESCRIPTION | |
| Pagination | ১৪৮ পৃ. ; |
| Size | ২৭ সেমি. |
| 651 ## - SUBJECT ADDED ENTRY--GEOGRAPHIC NAME | |
| Geographic name | বাংলাদেশ |
| General subdivision | ইতিহাস |
| Chronological subdivision | ১৯৭১ |
| 9 (RLIN) | 203358 |
| Geographic name | Bangladesh |
| General subdivision | History |
| Chronological subdivision | 1971 |
| 9 (RLIN) | 203359 |
| 942 ## - ADDED ENTRY ELEMENTS (KOHA) | |
| Source of classification or shelving scheme | Dewey Decimal Classification |
| Koha item type | Books |
| Lost status | Source of classification or shelving scheme | Damaged status | Not for loan | Collection code | Permanent Location | Current Location | Shelving location | Date acquired | Source of acquisition | Cost, normal purchase price | Total Checkouts | Full call number | Date last seen | Copy number | Koha item type |
|---|---|---|---|---|---|---|---|---|---|---|---|---|---|---|---|
| Dewey Decimal Classification | Not For Loan | Non-fiction | Central Library, University of Rajshahi | Central Library, University of Rajshahi | Reading Room | 04/10/1975 | India Govt. | 0.00 | B 954.9205 MUB 1971 | 23/04/2017 | C-1 | Books |